000 00374pab a2200145 454500
008 180718b1985 xxu||||| |||| 00| 0 eng d
100 _aPrasad, S.N.
245 _aUniversity as a sanctuary for international awakening and peace
260 _c1985
300 _a8-10
362 _a8 Aug.
650 _aColleges and Universities
773 _aUniversity News
909 _a5974
999 _c5974
_d5974